书目信息 |
| 题名: |
品牌农业
|
|
| 作者: | 娄向鹏 著 | |
| 分册: | 2 大特产 | |
| 出版信息: | 北京 机械工业出版社 2017 |
|
| 页数: | 20,261页 | |
| 开本: | 25cm | |
| 丛书名: | ||
| 单 册: | ||
| 中图分类: | F326.5 | |
| 科图分类: | ||
| 主题词: | 农产品--nong chan pin--品牌战略--研究--中国 | |
| 电子资源: | ||
| ISBN: | 978-7-111-55295-6 | |
| 000 | 01084nam0 22002531 450 | |
| 001 | 1738620666 | |
| 005 | 20170628110314.85 | |
| 010 | @a978-7-111-55295-6@dCNY59.00 | |
| 100 | @a20161220d2017 em y0chiy50 ea | |
| 101 | 0 | @achi |
| 102 | @aCN@b110000 | |
| 105 | @aa z 000yy | |
| 106 | @ar | |
| 200 | 1 | @a品牌农业@9pin pai nong ye@h2@i大特产@e让地方特产卖遍全国@f娄向鹏著 |
| 210 | @a北京@c机械工业出版社@d2017 | |
| 215 | @a20,261页@c彩照,图@d25cm | |
| 300 | @a华章经营 福来思想库 | |
| 330 | @a本书讲述了地方特产到全国品牌的跨越之道,地方特产到全国品牌的跨越之道,让地方特产卖遍全国,贴近企业经营情况和当今市场实际,提出特产企业做大做强的思路、模式和方法,具有针对性。研究总结中国地方特产美食如何走向全国的规律与方法,找到了“小”特产做到全国的关键按钮,提示了特产品牌特别容易陷入的区域公用品牌误区。 | |
| 517 | 1 | @a让地方特产卖遍全国@9rang di fang te chan mai bian quan guo |
| 606 | 0 | @a农产品@9nong chan pin@x品牌战略@x研究@y中国 |
| 690 | @aF326.5@v5 | |
| 701 | 0 | @a娄向鹏@9lou xiang peng@4著 |
| 801 | 0 | @aCN@bTANGWEI@c20170626 |
| 905 | @b1016210-5@dF326.5@e183:2@f6 | |
| 品牌农业.2.大特产:让地方特产卖遍全国/娄向鹏著 .-北京:机械工业出版社,2017 |
| 20,261页:彩照,图;25cm |
| 华章经营 福来思想库 |
| ISBN 978-7-111-55295-6:CNY59.00 |
| 本书讲述了地方特产到全国品牌的跨越之道,地方特产到全国品牌的跨越之道,让地方特产卖遍全国,贴近企业经营情况和当今市场实际,提出特产企业做大做强的思路、模式和方法,具有针对性。研究总结中国地方特产美食如何走向全国的规律与方法,找到了“小”特产做到全国的关键按钮,提示了特产品牌特别容易陷入的区域公用品牌误区。 |
| ● |
| 相关链接 |
|
|
|
|
正题名:品牌农业
索取号:F326.5/183:2
 
预约/预借
| 序号 | 登录号 | 条形码 | 馆藏地/架位号 | 状态 | 备注 |
| 1 | 1016210 | 210162107 | 第一样本阅览室/ [索取号:F326.5/183:2] | 在馆 | |
| 2 | 1016211 | 210162116 | 教育系资料室/ [索取号:F326.5/183:2] | 在馆 | |
| 3 | 1016212 | 210162125 | 教育系资料室/ [索取号:F326.5/183:2] | 在馆 | |
| 4 | 1016213 | 210162134 | 教育系资料室/ [索取号:F326.5/183:2] | 在馆 | |
| 5 | 1016214 | 210162143 | 第一借阅区/ [索取号:F326.5/183:2] | 在馆 | |
| 6 | 1016215 | 210162152 | 第一借阅区/ [索取号:F326.5/183:2] | 在馆 |